Every club Wayne Rooney scored against in his professional career - Statistics

General Stats
  • This quiz has been taken 37 times
    29 since last reset
  • The average score is 51 of 80
Answer Stats
No. of Goals Country of Club Club % Correct
15 England Arsenal
100%
9 England Chelsea
100%
5 England Everton
100%
7 England Liverpool
100%
3 England Queens Park Rangers
100%
11 England Tottenham Hotspur
100%
6 Italy AC Milan
96%
1 Spain Barcelona
96%
2 England Burnley
96%
12 England Manchester City
96%
15 England Newcastle United
96%
1 Scotland Rangers
96%
4 England Swansea
96%
15 England West Ham United
96%
1 Germany Bayern Munich
92%
1 Wales Cardiff
92%
1 Scotland Celtic
92%
2 England Leicester City
92%
5 England Southampton
92%
3 England Wolverhampton Wanderers
92%
15 England Aston Villa
88%
4 England Norwich City
88%
4 England Sheffield United
88%
7 England Sunderland
88%
4 Italy AS Roma
83%
9 England Bolton Wanderers
83%
2 England Crystal Palace
83%
1 England Derby County
83%
1 Portugal FC Porto
83%
7 England Stoke City
83%
3 England Watford
83%
5 England Birmingham City
79%
2 England Bournemouth
79%
3 Belgium FC Club Brugge
79%
7 England West Bromwich Albion
79%
10 England Wigan Athletic
79%
5 England Blackburn Rovers
75%
1 England Brighton & Hove Albion
75%
1 Holland Feyenoord
75%
13 England Fulham
75%
2 England Leeds United
75%
5 England Middlesbrough
75%
4 Turkey Fenerbahce
71%
7 England Hull City
71%
12 England Portsmouth
71%
2 Germany Bayern Leverkusen
67%
2 Ukraine Dynamo Kyiv
67%
1 England Luton Town
63%
1 Germany Schalke 04
63%
3 USA New York City
58%
2 England Charlton Athletic
54%
1 England Ipswich Town
54%
6 England Reading
54%
3 Spain Atletic Bilbao
50%
1 Portugal Braga
50%
2 USA Chicago Fire
50%
1 Russia CSKA Moscow
50%
1 USA New York Red Bulls
50%
2 England Preston North End
42%
2 Canada Montreal Impact
38%
2 USA Orlando City
38%
2 Wales Wrexham
38%
1 England Exeter City
33%
2 Canada Toronto FC
33%
2 Denmark Aalborg BK
29%
1 USA Atlanta United
29%
2 USA Portland Timbers
29%
3 USA Real Salt Lake
29%
2 Japan Gamba Osaka
25%
1 USA New England Revolution
25%
2 USA Columbus Crew
21%
1 USA Philadelphia Union
21%
1 England Northampton Town
17%
1 USA Colorado Rapids
13%
1 Hungary Debrecen
8%
1 USA FC Cincinnati
8%
2 Romania Otelul Galati
8%
1 Cyprus Apollon Limassol
4%
1 Ecuador LDU Quito
4%
1 USA Houston Dynamos
0%
No matching quizzes found
Score Distribution
Percent of People with Each Score
Percentile by Number Answered
Your Score History
You have not taken this quiz since the last reset